Ottoman Empire and Islamic tradition /

محفوظ في:

المؤلف الرئيسي: Itzkowitz, Norman (مؤلف)

التنسيق: كتاب

اللغة: English

منشور في: New York : [distributed by Random House, 1972].

الطبعة: [1st ed.]

سلاسل: Studies in world civilization.

الموضوعات:

الوسوم: إضافة وسم

لا توجد وسوم, كن أول من يضع وسما على هذه التسجيلة!

رقم الطلب: DR445 .I8 1972

LEADER 00799nam a2200277 4500
001 2497
003 OSt
005 20260122120110.0
008 130303s1972 nyu b 000 0 eng d
010 |a 72001914 
020 |a 0394317181 
040 |c ARCE Library 
043 |a a-tu--- 
050 4 |a DR445 .I8 1972 
100 1 |a Itzkowitz, Norman,  |e author  |9 32995 
245 1 0 |a Ottoman Empire and Islamic tradition /  |c Norman Itzkowitz. 
250 |a [1st ed.] 
264 1 |a New York :  |b [distributed by Random House,  |c 1972]. 
300 |a xiv, 117, vii pages ;  |c 21 cm. 
490 0 |a Studies in world civilization. 
504 |a Bibliography : pages 111-114. 
650 0 |a Islam  |z Turkey. 
651 0 |a Turkey  |x History  |y Ottoman Empire, 1288-1918. 
901 |a reviewed 
942 |c BK  |2 lcc 
999 |c 6264  |d 6264